| 000 | 00620nam a22001817a 4500 | ||
|---|---|---|---|
| 005 | 20240201145406.0 | ||
| 008 | 240201b |||||||| |||| 00| 0 eng d | ||
| 020 | _a9781485120964 | ||
| 041 | _aEnglish | ||
| 082 | _a343.9 VRA | ||
| 100 |
_aVrancken, PHG and Tsamenyi, M _lEnglish |
||
| 245 |
_aThe Law of the Sea : _bThe African Union and its Member States / _cPHG Vrancken and M Tsamenyi |
||
| 250 | _aFirst Edition | ||
| 260 |
_aCape Town : _bJuta and Company (Pty) Ltd, _c2017 |
||
| 300 |
_blxxviii, 789 pages ; _c25 cm. |
||
| 650 |
_aLegal practice _bLaw |
||
| 942 |
_cBK _6ALISON_BN_VRIES |
||
| 999 |
_c1327 _d1327 |
||